Теория и практика электроаналитической химии: сборник трудов симпозиума, 13-17 сентября 2010 г., Томск

Bibliografiset tiedot
Yhteisötekijät: Национальный исследовательский Томский политехнический университет (ТПУ), Теория и практика электроаналититческой химии симпозиум
Yhteenveto:Симпозиум посвящен 100-летию со дня рождения А. Г. Стромберга.
В материалах сборника симпозиума освещается история развития и достижения научных школ и групп по инверсионной волтамперометрии и современное состояние некоторых перспективных направлений электрохимии. Значительное внимание уделено физико-химическим вопросам электроаналитической химии.
Kieli:venäjä
Julkaistu: Томск, Изд-во ТПУ, 2010
Aiheet:
Aineistotyyppi: Kirja
KOHA link:https://koha.lib.tpu.ru/cgi-bin/koha/opac-detail.pl?biblionumber=186548

MARC

LEADER 00000nam0a2200000 4500
001 186548
005 20231101224004.0
035 |a (RuTPU)RU\TPU\book\202401 
090 |a 186548 
100 |a 20101029d2010 k y0rusy50 ca 
101 0 |a rus 
102 |a RU 
105 |a a z 111zy 
200 1 |a Теория и практика электроаналитической химии  |e сборник трудов симпозиума, 13-17 сентября 2010 г., Томск  |f Национальный исследовательский Томский политехнический университет (ТПУ) 
210 |a Томск  |c Изд-во ТПУ  |d 2010 
215 |a 185 с.  |c ил. 
300 |a Симпозиум посвящен 100-летию со дня рождения А. Г. Стромберга. 
320 |a Библиография в конце докладов. 
330 |a В материалах сборника симпозиума освещается история развития и достижения научных школ и групп по инверсионной волтамперометрии и современное состояние некоторых перспективных направлений электрохимии. Значительное внимание уделено физико-химическим вопросам электроаналитической химии. 
606 1 |a Электроаналитическая химия  |2 stltpush  |3 (RuTPU)RU\TPU\subj\69971  |9 84579 
610 1 |a инверсионная вольтамперометрия 
610 1 |a электрохимические сенсоры 
610 1 |a электрохимический анализ 
610 1 |a неорганические соединения 
610 1 |a органические соединения 
610 1 |a биологически активные соединения 
610 1 |a автоматизация 
610 1 |a миниатюризация 
610 1 |a оборудование 
610 1 |a симпозиумы 
610 1 |a научные труды 
610 1 |a электрохимия 
675 |a 543.55(063)  |v 3 
712 0 2 |a Национальный исследовательский Томский политехнический университет (ТПУ)  |c (2009- )  |2 stltpush  |3 (RuTPU)RU\TPU\col\15902 
712 1 2 |a Теория и практика электроаналититческой химии  |b симпозиум  |c Труды  |e Томск  |f 2010 
801 1 |a RU  |b 63413507  |c 20101029 
801 2 |a RU  |b 63413507  |c 20221202  |g RCR 
942 |c BK